Biggest Trading Partners - Singapore - Statistics

General Stats
  • This quiz has been taken 29 times
  • The average score is 25 of 29
Answer Stats
Exports Country % Correct
24.62 bil China
100%
25.29 bil China
100%
32.95 bil Malaysia
100%
31.01 bil Malaysia
100%
3.42 bil United Kingdom
100%
3.50 bil Germany
96%
6.85 bil Germany
96%
9.32 bil India
96%
7.36 bil India
96%
28.92 bil Indonesia
96%
10.96 bil Indonesia
96%
17.61 bil United States
96%
26.99 bil United States
96%
6.49 bil France
92%
12.65 bil Japan
92%
19.80 bil Japan
92%
9.31 bil Thailand
92%
8.79 bil Thailand
92%
7.50 bil Vietnam
92%
5.10 bil Philippines
85%
4.15 bil Philippines
85%
10.22 bil South Korea
81%
15.04 bil South Korea
81%
3.41 bil United Arab Emirates
69%
6.17 bil United Arab Emirates
69%
5.65 bil Netherlands
65%
14.65 bil Saudi Arabia
65%
6.54 bil Kuwait
42%
7.69 bil Qatar
42%
No matching quizzes found
Score Distribution
Percent of People with Each Score
Percentile by Number Answered
Your Score History
You have not taken this quiz